000 00770nam a22002537a 4500
003 CBULib
005 20240911094846.0
008 230829b |||||||| |||| 00| 0 eng d
020 _a9780748703111
040 _bEnglish
_cCBULib
_erda
041 _aeng
050 _aT 353 Par
100 _9674
_aParker, M.A
245 _aEngineering drawing with worked examples
_c/ by M.A Parker and F. Pickup
250 _aThird edition
260 _aUnited Kingdom :
_bOxford University Press,
_c2015
300 _av, 226 pages : illustrations
336 _2rdacontent
_aText |
_btxt
337 _2rdamedia
_aUnmediated |
_bn
338 _2rdacarrier
_aVolume
_bnc
650 0 _2Library of congress
_9675
_aMECHANICAL DRAWING
700 _9676
_aPickup. F
942 _2lcc
_c002
999 _c81493
_d81493